000 01487cam a2200169 4500500
005 20260208003713.0
041 _afre
042 _adc
100 1 0 _ade Calan, Ronan
_eauthor
245 0 0 _aCausalité et nécessité matérielle : Reinach lecteur de Hume
260 _c2005.
500 _a82
520 _aLa phénoménologie réaliste de Reinach ne se limite pas à une doctrine originale des états de choses et des relations d’essences. Elle procède également, en contrepoint, à une analyse de la relation de causalité dont la phénoménologie transcendantale ne fournit aucun équivalent. Cette analyse, qui met en avant la notion de nécessité matérielle, se déploie à partir d’une relecture critique de Hume, le plus grand représentant moderne de la crise de la causalité.
520 _aReinach’s realistic phenomenology doesn’t limit itself to being an original theory of states of affair and relations of essences. On the counterpart, it is leading an analysis of the relation of causality, of which transcendantal phenomenology doesn’t provide any comparable instance. This analysis highlights the notion of material necessity, which is producted upon a critical reading of Humes Treatise, modernity’s biggest representant of causality crisis.
786 0 _nLes Études philosophiques | 72 | 1 | 2005-03-01 | p. 39-54 | 0014-2166
856 4 1 _uhttps://shs.cairn.info/revue-les-etudes-philosophiques-2005-1-page-39?lang=fr&redirect-ssocas=7080
999 _c1648567
_d1648567